| 000 | 00448nam a2200145Ia 4500 | ||
|---|---|---|---|
| 008 | 200626s9999 xx 000 0 und d | ||
| 020 | _a978-0-13-254614-0 | ||
| 100 | _aBrown, Donald R. | ||
| 245 |
_cDonald R. Brown.-- _aAn experimential approach to organization development/ |
||
| 250 | _a8th ed. | ||
| 260 |
_aNew Jersey: _bPearson Education, Inc. _c2011 |
||
| 300 | _a474 pages | ||
| 500 | _aIncludes Index | ||
| 650 | _a Organizational change. | ||
| 999 |
_c363802 _d363802 |
||